Learning Resource and Development

HESI comprehensive review for the NCLEX-RN examination / (Record no. 32194)

MARC details
000 -LEADER
fixed length control field 03040cam a2200445 i 4500
001 - CONTROL NUMBER
control field 23197720
003 - CONTROL NUMBER IDENTIFIER
control field CSPC
005 - DATE AND TIME OF LATEST TRANSACTION
control field 20260328151926.0
008 - FIXED-LENGTH DATA ELEMENTS--GENERAL INFORMATION
fixed length control field 230623s2024 moua b 001 0 eng
010 ## - LIBRARY OF CONGRESS CONTROL NUMBER
LC control number 2023385185
020 ## - INTERNATIONAL STANDARD BOOK NUMBER
International Standard Book Number 9780323831932
Qualifying information (paperback)
035 ## - SYSTEM CONTROL NUMBER
System control number 23197720
040 ## - CATALOGING SOURCE
Original cataloging agency DLC
Language of cataloging eng
Description conventions rda
Transcribing agency DLC
Modifying agency CSPC
042 ## - AUTHENTICATION CODE
Authentication code pcc
050 00 - LIBRARY OF CONGRESS CALL NUMBER
Classification number RT55
Item number .E96 2024
082 00 - DEWEY DECIMAL CLASSIFICATION NUMBER
Classification number 610.73076
Item number H46
Edition number 23/eng/20240515
245 00 - TITLE STATEMENT
Title HESI comprehensive review for the NCLEX-RN examination /
Statement of responsibility, etc. edited by Denise M. Korniewicz.
246 30 - VARYING FORM OF TITLE
Title proper/short title Comprehensive review for the NCLEX-RN examination
250 ## - EDITION STATEMENT
Edition statement 7th edition.
264 #1 - PRODUCTION, PUBLICATION, DISTRIBUTION, MANUFACTURE, AND COPYRIGHT NOTICE
Place of production, publication, distribution, manufacture St. Louis, Missouri :
Name of producer, publisher, distributor, manufacturer Elsevier,
Date of production, publication, distribution, manufacture, or copyright notice 2024.
300 ## - PHYSICAL DESCRIPTION
Extent xii, 356 pages :
Other physical details color illustrations ;
Dimensions 28 cm.
336 ## - CONTENT TYPE
Content type term text
Content type code txt
Source rdacontent
337 ## - MEDIA TYPE
Media type term unmediated
Media type code n
Source rdamedia
338 ## - CARRIER TYPE
Carrier type term volume
Carrier type code nc
Source rdacarrier
504 ## - BIBLIOGRAPHY, ETC. NOTE
Bibliography, etc. note Includes bibliographical references and index.
505 0# - FORMATTED CONTENTS NOTE
Formatted contents note Introduction to test-taking strategies and the NGN-NCLEX-RN -- Leadership and management -- Advanced clinical concepts -- Medical-surgical nursing -- Pediatric nursing -- Gerontologic nursing.
520 ## - SUMMARY, ETC.
Summary, etc. "Updated to reflect the latest NCLEX-RN test plan, HESI Comprehensive Review for the NCLEX-RN Examination, 7th Edition provides a complete, all-in-one review of the information you need to know to pass your nursing board exam. It covers nursing content by concepts and clinical areas, with valuable tips from HESI to help you apply principles of clinical decision-making and critical thinking"-- Back cover.
520 ## - SUMMARY, ETC.
Summary, etc. "HESI Comprehensive Review for the NCLEX-RNĀ® Examination, 7th Edition provides a complete, all-in-one review of the information that you need to know. Written in an easy-to-read outline format, this study guide reviews content by concepts and clinical areas. Along the way, valuable tips from HESIĀ® help you apply principles of clinical decision-making and clinical judgment. With more than 1,000 practice questions in both study and exam formats, the companion Evolve website enables you to practice test-taking in the same electronic format you will experience on nursing school exit exams and on the NCLEX-RN exam"-- Amazon.com.
650 #0 - SUBJECT ADDED ENTRY--TOPICAL TERM
Topical term or geographic name entry element Nursing
General subdivision Examinations
Form subdivision Study guides.
650 #0 - SUBJECT ADDED ENTRY--TOPICAL TERM
Topical term or geographic name entry element Nursing
Form subdivision Examinations, questions, etc.
650 #0 - SUBJECT ADDED ENTRY--TOPICAL TERM
Topical term or geographic name entry element Practical nursing
Form subdivision Examinations, questions, etc.
650 #0 - SUBJECT ADDED ENTRY--TOPICAL TERM
Topical term or geographic name entry element National Council Licensure Examination for Registered Nurses
Form subdivision Study guides.
655 #7 - INDEX TERM--GENRE/FORM
Genre/form data or focus term Study guides.
Source of term lcgft
Authority record control number or standard number https://id.loc.gov/authorities/genreForms/gf2014026182
700 1# - ADDED ENTRY--PERSONAL NAME
Personal name Korniewicz, Denise M.,
Relator term editor.
906 ## - LOCAL DATA ELEMENT F, LDF (RLIN)
a 7
b cbc
c orignew
d 2
e ncip
f 20
g y-gencatlg
942 ## - ADDED ENTRY ELEMENTS (KOHA)
Source of classification or shelving scheme Dewey Decimal Classification
Koha item type Books
Edition 23
Classification part 610.73076
Item part H46
Call number prefix NUR
Call number suffix 2024
Suppress in OPAC No
Holdings
Withdrawn status Lost status Source of classification or shelving scheme Damaged status Not for loan Home library Current library Shelving location Date acquired Total Checkouts Full call number Barcode Date last seen Copy number Price effective from Koha item type
    Dewey Decimal Classification     Main Library Main Library Nursing Section 03/28/2026   NUR 610.73076 H46 2024 031429 03/28/2026 1-1 03/28/2026 Books